000 00530nam a2200205Ia 4500
005 20260429112111.0
008 260429s9999||||xx |||||||||||||| ||und||
020 _a9781666889581
041 _aEnglish
082 _a371.9044
_bCOL
100 _aCollier, Shane
245 0 _aAdapted physical education and sports /
_cShane Collier
250 _a1st ed.
260 _aUSA :
_bKaufman Press,
_c2022.
300 _axiv, 321 p.; hb
650 _a Physical education
650 _a Training
650 _aSports
942 _cTB
999 _c52349
_d52349